| 000 | 02532nam a2200469 a 4500 | ||
|---|---|---|---|
| 001 | 1287047 | ||
| 003 | AM-YEHGA | ||
| 005 | 20250618080006.0 | ||
| 008 | 151007m2015 ai |||||r|||||||||0|arm|d | ||
| 020 | _a9789939502977 (Մաս 1) | ||
| 020 | _a978-9939-0-1784-6 (Մաս 2) | ||
| 020 | _a9789939752068 (Մաս 3) | ||
| 020 | _a9789939878614 (Մաս 4) | ||
| 020 | _a9789939878614 (Մաս 5) | ||
| 020 | _a9789939878614 (Մաս 6) | ||
| 020 | _a9789939878614 (Մաս 7) | ||
| 020 | _a978-9939-878-61-4 (Մաս 8) | ||
| 020 | _a978-9939-878-61-4 (Մաս 9) | ||
| 040 | _aAM-YeHGA | ||
| 041 | 0 | _aarm | |
| 100 | 1 | _aՍտեփանյան, Յուրի Միքայելի | |
| 245 | 1 | 0 |
_aՊատմության անցյալի ստվերները և Հայաստանը / _cՅ. Մ. Ստեփանյան ; Խմբագիր՝ Մ. Իսկանդարյան. |
| 260 |
_aԵրևան : _bԱսողիկ, _c2015- |
||
| 300 |
_aմաս ; _c21 սմ. |
||
| 500 | _aՇապիկի առաջին էջում Զվարթնոցի տաճարը ըստ Թորոս Թորոսյանի վերականգնման (Մաս 8) | ||
| 504 | _aՕգտագործված գրականության և լրատվամիջոցների ցանկ՝ էջ 249-251 (մաս 4)։ | ||
| 505 | 0 | 0 | _g[Մ. 1] (2015 ; 258 էջ, 4 դիմանկար, քարտեզներ) ; |
| 505 | 0 | 0 |
_gՄ. 2 (2016 ;174 էջ, լուսանկար, 7 ծլվ. թ. քարտեզ) : _tԲողոքների ժողովածու ; |
| 505 | 0 | 0 | _gՄ. 3 (2018 ։ 271 էջ, լուսանկար, 1 ծալված թ. գունավոր քարտեզ ) ; |
| 505 | 0 | 0 |
_gՄ. 4 (2020 ; 251 էջ, լուսանկարներ) / _rԽմբագիր՝ Ա. Մինասյան ; |
| 505 | 0 | 0 |
_gՄ. 5 (2021 ; 207 էջ, աղյուսակ, 1 ծլվ. թ. գունավոր քարտեզ) / _rԽմբագիր՝ Ա. Մինասյան ; |
| 505 | 0 | 0 | _gՄ. 6 (2021 ; 245 էջ, լուսանկար, գունավոր քարտեզ) ; |
| 505 | 0 | 0 | _gՄ. 7 (2023 ; 253 էջ, լուսանկար, գունավոր քարտեզ) ; |
| 505 | 0 | 0 |
_gՄ. 8 (2023 ; տպ. «Մեկնարկ» ; 272 էջ, լուսանկար, գունավոր քարտեզ) ։ _tՀուշապատում / _rԽմբագիր՝ Ա. Մինասյան ; |
| 505 | 0 | 0 | _gՄ. 9 (2024 ; 240 էջ, 14 դիմանկար) : |
| 650 | 1 | 4 |
_aՀայկական հարց _94470 |
| 650 | 1 | 4 |
_aՄիջազգային հարաբերություններ _94824 |
| 700 | 1 |
_aԻսկանդարյան, Մ. _eխմբ. _4edt |
|
| 700 | 1 |
_aՄինասյան, Արծվիկ _eխմբ. _4edt |
|
| 942 |
_2udc _cBK |
||
| 090 | _c520058 | ||
| 999 |
_c516514 _d516514 |
||